La geometra̕ y el mito. Un ensayo sobre la libertad y el liberalismo en Mx̌ico, 1821-1970

Bibliographic Details
Main Author: Aguilar Rivera, Jos ̌Antonio
Format: Book
Language:Spanish
Published: Mx̌ico Fondo de Cultura Econm̤ica 2010
Subjects:
Online Access:Acceso restringido

MARC

LEADER 00000nam a22000007a 4500
005 20151203105728.0
007 cr|||| ||u|
008 151203s2010 mx ||||| |||| 00||0 spa d
020 |a 978-607-16-0398-2 
035 |a 12952 
040 |a vLex 
090 |c 5719  |d 5719 
100 1 |a Aguilar Rivera, Jos ̌Antonio 
245 1 3 |a La geometra̕ y el mito. Un ensayo sobre la libertad y el liberalismo en Mx̌ico, 1821-1970  |h [Recurso electrn̤ico] /  |c Jos ̌Antonio Aguilar Rivera  
256 |a Servicio en ln̕ea 
260 |a Mx̌ico  |b Fondo de Cultura Econm̤ica  |c 2010 
300 |a 1 recurso electrn̤ico (Primera edicin̤. 154 Pg̀inas) 
506 1 |a Contenido solo disponible en los productos indicados  |d vLex Global  |d vLex Global (Academic Edition, excluding Law Schools)  |d vLex Global (U.S. Academic Edition, Law Schools)  |d vLex Global (U.S. Academic Edition, excluding Law Schools)  |d vLex Global (Academic Edition, Law Schools) 
650 0 4 |a Libertad  |z Mx̌ico 
740 0 |a vLex libros (servicio en ln̕ea) 
856 4 0 |u http://vlex.com/source/geometria-mito-ensayo-libertad-liberalismo-mexico-1821-1970-12952  |z Acceso restringido  
942 |c BOOK 
999 0 |a Liberty